Álbum - Mamonas Assassinas - Statistics

Estatísticas Gerais
  • Esse quiz foi jogado 177 vezes
  • A pontuação média é 10 de 14
Estatísticas das Respostas
Dica Resposta % Correto
3 Pelados em Santos
96%
10 Robocop Gay
93%
2 Vira-Vira
90%
6 Sabão Cra-Cra
82%
5 Jumento Celestino
80%
1 1406
77%
14 Lá Vem o Alemão
77%
7 Uma Arlinda Mulher
68%
9 Mundo Animal
67%
4 Chopis Centis
65%
13 Sábado de Sol
64%
11 Bois Don't Cry
58%
12 Debil Metal
57%
8 Cabeça de Bagre 2
49%
Nenhum quiz correspondente encontrado
Distribuição das Pontuações
Porcentagem de Pessoas com Cada Pontuação
Percentil de Números Respondidos
Sua Pontuação Histórica
Você não jogou esse quiz